[Event "ch-DEN 2014"]
[Site "Skorping DEN"]
[Date "2014.04.12"]
[Round "1.1"]
[White "Bekker-Jensen, Simon"]
[Black "Aagaard, Jacob"]
[Result "0-1"]
[WhiteTitle "IM"]
[BlackTitle "GM"]
[WhiteElo "2445"]
[BlackElo "2520"]
[WhiteFideId "1403613"]
[BlackFideId "1401815"]
[EventDate "2014.04.12"]

1. d4 d5 2. c4 e6 3. Nc3 Nf6 4. cxd5 exd5 5. Bg5 c6 6. Qc2 h6 7. Bh4 Be6 8. e3
Nbd7 9. Bd3 g5 10. Bg3 Nh5 11. Nge2 Nxg3 12. Nxg3 h5 13. O-O h4 14. Nge2 Bd6 15.
f4 Nf6 16. Qd2 g4 17. f5 Bd7 18. Nf4 Qe7 19. Rae1 O-O-O 20. Qc2 Kb8 21. a3 Bc8
22. b4 Qc7 23. Qd2 Rhe8 24. Qf2 g3 25. hxg3 hxg3 26. Qxg3 Nh5 27. Qh4 Nxf4 28.
exf4 Rh8 29. Qg3 Rdg8 30. Qf3 f6 31. Ne2 Rh4 32. g3 Qh7 33. Rf2 Bxf5 34. Bxf5
Qxf5 35. Rg2 Rhg4 36. Kf2 a6 37. Nc1 Qc2+ 38. Kg1 Qh7 39. Nd3 Bc7 40. Kf2 Ka7
41. Re3 Bb6 42. Nc5 R4g7 43. Qe2 Qf5 44. Rh2 Rh7 45. Rxh7 Qxh7 46. Qf3 Rg6 47.
Ne6 Rh6 48. f5 Rh2+ 49. Ke1 Ra2 50. Re2 Ra1+ 51. Kf2 Qh2+ 52. Qg2 Qh5 53. g4
Qh4+ 54. Ke3 Rxa3+ 55. Kd2 Rg3 56. Qf2 Qxg4 57. Kc2 Rf3 0-1

[Event "ch-DEN 2014"]
[Site "Skorping DEN"]
[Date "2014.04.12"]
[Round "1.2"]
[White "Andersen, Mads"]
[Black "Aabling-Thomsen, Jakob"]
[Result "1-0"]
[WhiteTitle "IM"]
[BlackTitle "FM"]
[WhiteElo "2473"]
[BlackElo "2331"]
[WhiteFideId "1413864"]
[BlackFideId "1407589"]
[EventDate "2014.04.12"]

1. e4 d6 2. d4 Nf6 3. Nc3 g6 4. f4 Bg7 5. Nf3 c5 6. dxc5 Qa5 7. Qd4 dxc5 8. Qc4
O-O 9. Qb5 Qxb5 10. Bxb5 b6 11. e5 Ne8 12. Nd5 Bb7 13. Nxe7+ Kh8 14. Bc4 f6 15.
h4 Nc6 16. Bd5 Nxe7 17. Bxb7 Rb8 18. Be4 fxe5 19. fxe5 Nf5 20. Rh3 Ned6 21. exd6
Rbe8 22. Ng5 Nxd6 23. Re3 Nc4 24. Re2 Nxb2 25. Rb1 Na4 26. Rb3 h6 27. Bxg6 Rxe2+
28. Kxe2 hxg5 29. Bxg5 Nc3+ 30. Ke1 Bd4 31. Bd3 Nxa2 32. Bd2 Nb4 33. Bg6 Bf2+
34. Ke2 Bxh4 35. Rh3 Kg7 36. Be4 Rf2+ 37. Ke3 Rxd2 38. Kxd2 Bg5+ 39. Kd1 a5 40.
c3 Na6 41. Rh7+ Kf6 42. Ra7 Ke5 43. Bd3 Nb8 44. Bb5 Bf4 45. Rb7 Kd5 46. c4+ Kd4
47. Ke2 Kc3 48. Ra7 Nc6 49. Bxc6 Kxc4 50. Rb7 a4 51. Bxa4 Kb4 52. Bc6 1-0

[Event "ch-DEN 2014"]
[Site "Skorping DEN"]
[Date "2014.04.12"]
[Round "1.3"]
[White "Hansen, Sune Berg"]
[Black "Glud, Jakob Vang"]
[Result "1/2-1/2"]
[WhiteTitle "GM"]
[BlackTitle "IM"]
[WhiteElo "2569"]
[BlackElo "2518"]
[WhiteFideId "1400266"]
[BlackFideId "1407767"]
[EventDate "2014.04.12"]

1. d4 d5 2. c4 e6 3. Nc3 Nf6 4. Nf3 Be7 5. Bf4 O-O 6. e3 Nbd7 7. Qc2 c5 8. O-O-O
Qa5 9. Kb1 Nb6 10. dxc5 Qxc5 11. cxd5 Nbxd5 12. Nxd5 Qxc2+ 13. Kxc2 Nxd5 14. Bg3
Bd7 15. Kb1 Rfc8 16. Bd3 Rc5 17. Bc2 Rac8 18. Bb3 Nb6 19. Ne5 Bb5 20. Nd3 R5c6
21. Ne5 Rc5 22. Nd3 R5c6 23. Ne5 1/2-1/2

[Event "ch-DEN 2014"]
[Site "Skorping DEN"]
[Date "2014.04.12"]
[Round "1.4"]
[White "Rasmussen, Allan Stig"]
[Black "Antonsen, Mikkel"]
[Result "1-0"]
[WhiteTitle "GM"]
[BlackTitle "IM"]
[WhiteElo "2499"]
[BlackElo "2467"]
[WhiteFideId "1406000"]
[BlackFideId "1401378"]
[EventDate "2014.04.12"]

1. c4 e6 2. Nc3 d5 3. d4 Bb4 4. cxd5 exd5 5. Bf4 Ne7 6. e3 Bf5 7. Qa4+ Nbc6 8.
Nf3 O-O 9. Be2 Bd6 10. Bxd6 Qxd6 11. Rc1 a6 12. O-O Ng6 13. Rfd1 Rad8 14. a3
Nce7 15. Qb3 Bc8 16. Na4 c6 17. Qb6 Nf5 18. Nc5 Qe7 19. Re1 Nd6 20. a4 Rfe8 21.
Nd2 Qg5 22. Bf1 Nh4 23. g3 Nhf5 24. Nf3 Qe7 25. b4 h5 26. h4 Nh6 27. b5 axb5 28.
axb5 cxb5 29. Nd3 Ng4 30. Nf4 Ne4 31. Bxb5 Rf8 32. Rc2 Bf5 33. Bd3 Nxg3 34. Rc7
Qa3 35. Bxf5 Nxf5 36. Rxf7 Nd6 37. Rxf8+ Rxf8 38. Ng5 Qa6 39. Qb3 Qc4 40. Qb1
Nf5 41. Nfe6 1-0

[Event "ch-DEN 2014"]
[Site "Skorping DEN"]
[Date "2014.04.12"]
[Round "1.5"]
[White "Schandorff, Lars"]
[Black "Skytte, Rasmus"]
[Result "1-0"]
[WhiteTitle "GM"]
[BlackTitle "IM"]
[WhiteElo "2531"]
[BlackElo "2430"]
[WhiteFideId "1400070"]
[BlackFideId "1404210"]
[EventDate "2014.04.12"]

1. d4 f5 2. g3 Nf6 3. Bg2 g6 4. c3 Bg7 5. Qb3 d5 6. Nh3 O-O 7. Nf4 e6 8. Nd3
Nbd7 9. Nd2 b6 10. c4 c6 11. O-O Bb7 12. Nf3 Qe7 13. Bg5 c5 14. cxd5 Bxd5 15.
Qa3 Rfe8 16. Rac1 cxd4 17. Qxe7 Rxe7 18. Nxd4 Bxg2 19. Kxg2 e5 20. Nc6 Re6 21.
Bxf6 Bxf6 22. Rfd1 a5 23. b3 Rae8 24. a3 Bg5 25. e3 Bf6 26. b4 Nb8 27. Nxb8 Rxb8
28. bxa5 Be7 29. Rb1 Bxa3 30. Rb3 Bd6 31. Rxb6 Rxb6 32. axb6 Kf7 33. Nb2 Bb8 34.
Na4 Ke7 35. Rc1 Rd6 36. Rc8 Rd8 37. Rc4 Bd6 38. e4 Rb8 39. exf5 gxf5 40. Rh4 Kd7
41. Rxh7+ Kc6 42. Rh6 Rd8 43. Rf6 Kd5 1-0

[Event "ch-DEN 2014"]
[Site "Skorping DEN"]
[Date "2014.04.13"]
[Round "2.1"]
[White "Antonsen, Mikkel"]
[Black "Hansen, Sune Berg"]
[Result "1/2-1/2"]
[WhiteTitle "IM"]
[BlackTitle "GM"]
[WhiteElo "2467"]
[BlackElo "2569"]
[WhiteFideId "1401378"]
[BlackFideId "1400266"]
[EventDate "2014.04.12"]

1. d4 d5 2. c4 e6 3. Nc3 a6 4. cxd5 exd5 5. Nf3 c6 6. Bf4 Bd6 7. Bxd6 Qxd6 8. e3
Nf6 9. Bd3 O-O 10. Qc2 Re8 11. h3 Nbd7 12. O-O Nf8 13. Na4 Ne4 14. Nb6 Rb8 15.
Nxc8 Rbxc8 16. Bxe4 Rxe4 17. Ne5 Re8 18. Qb3 Re7 19. Rac1 f6 20. f3 Rh4 21. Ng4
Qe6 22. Rfe1 Rh5 23. Qb6 Qd7 24. Rcd1 Rg5 25. Kh1 Ng6 26. Qb3 Nh4 27. Re2 Nf5
28. Kg1 Kh8 29. Nh2 Nh4 30. Kh1 Qe8 31. Qa3 Nf5 32. Nf1 h5 33. g4 Nh4 34. Rf2
hxg4 35. hxg4 Rg6 36. Rh2 Rh6 37. Qd6 g5 38. Rdd2 Reh7 39. Rdf2 Kg8 40. Qg3 Re7
41. Qd6 Re6 42. Qg3 Rh7 43. Rh3 Ree7 44. Rhh2 Kg7 45. a3 Rh8 46. Re2 Qg6 47. Qf2
Rhe8 48. Ng3 Kg8 49. e4 dxe4 50. fxe4 Rh7 51. Nh5 Rf7 52. Ng3 Rh7 53. Nh5 Rf7
54. Ng3 1/2-1/2

[Event "ch-DEN 2014"]
[Site "Skorping DEN"]
[Date "2014.04.13"]
[Round "2.2"]
[White "Skytte, Rasmus"]
[Black "Rasmussen, Allan Stig"]
[Result "1/2-1/2"]
[WhiteTitle "IM"]
[BlackTitle "GM"]
[WhiteElo "2430"]
[BlackElo "2499"]
[WhiteFideId "1404210"]
[BlackFideId "1406000"]
[EventDate "2014.04.12"]

1. e4 c5 2. Nf3 e6 3. c3 d5 4. e5 Nc6 5. d4 Qb6 6. Bd3 Bd7 7. dxc5 Bxc5 8. b4
Be7 9. O-O f6 10. Re1 Nxe5 11. Nxe5 fxe5 12. Qh5+ Kf8 13. Qxe5 Bd6 14. Qe2 Nf6
15. Nd2 Re8 16. c4 Qc7 17. Bb2 Bxb4 18. Rec1 d4 19. Bxd4 e5 20. Bb2 Bxd2 21.
Qxd2 e4 22. Bf1 Bc6 23. Ba3+ Kf7 24. Bd6 Qc8 25. c5 h6 26. Bc4+ Kg6 27. Rc3 Qf5
28. Re1 Rd8 29. Qb2 Kh7 30. Qb3 Nd5 31. Rg3 Rhe8 32. h3 a6 33. Rg4 b5 34. Bxd5
Qxd5 35. Qg3 Rd7 36. a3 Rb7 37. Qc3 Qc4 38. Qa1 a5 39. Be5 g5 40. h4 Qe6 41.
Rgxe4 Bxe4 42. Rxe4 Qf5 43. Qe1 g4 44. Re3 b4 45. axb4 Rxb4 46. Bd4 Rxe3 47.
Qxe3 Rb1+ 48. Kh2 Rb7 49. c6 Rf7 50. Bb6 Qf4+ 51. Qxf4 Rxf4 52. c7 1/2-1/2

[Event "ch-DEN 2014"]
[Site "Skorping DEN"]
[Date "2014.04.13"]
[Round "2.3"]
[White "Aagaard, Jacob"]
[Black "Glud, Jakob Vang"]
[Result "1/2-1/2"]
[WhiteTitle "GM"]
[BlackTitle "IM"]
[WhiteElo "2520"]
[BlackElo "2518"]
[WhiteFideId "1401815"]
[BlackFideId "1407767"]
[EventDate "2014.04.12"]

1. d4 d5 2. c4 c6 3. Nc3 Nf6 4. e3 g6 5. Nf3 Bg7 6. Be2 O-O 7. O-O Bg4 8. cxd5
Nxd5 9. e4 Nb6 10. Be3 Bxf3 11. gxf3 N8d7 12. f4 e6 13. Kh1 a5 14. Rc1 1/2-1/2

[Event "ch-DEN 2014"]
[Site "Skorping DEN"]
[Date "2014.04.13"]
[Round "2.4"]
[White "Aabling-Thomsen, Jakob"]
[Black "Schandorff, Lars"]
[Result "1/2-1/2"]
[WhiteTitle "FM"]
[BlackTitle "GM"]
[WhiteElo "2331"]
[BlackElo "2531"]
[WhiteFideId "1407589"]
[BlackFideId "1400070"]
[EventDate "2014.04.12"]

1. e4 c6 2. d4 d5 3. Nc3 dxe4 4. Nxe4 Bf5 5. Ng3 Bg6 6. N1e2 e6 7. Nf4 Bd6 8. h4
Qc7 9. Nxg6 hxg6 10. Ne4 Bf4 11. g3 Bxc1 12. Qxc1 Nd7 13. Qe3 Ngf6 14. Ng5 Nh7
15. Ne4 Nhf6 16. Ng5 Nh7 17. Ne4 1/2-1/2

[Event "ch-DEN 2014"]
[Site "Skorping DEN"]
[Date "2014.04.13"]
[Round "2.5"]
[White "Bekker-Jensen, Simon"]
[Black "Andersen, Mads"]
[Result "1/2-1/2"]
[WhiteTitle "IM"]
[BlackTitle "IM"]
[WhiteElo "2445"]
[BlackElo "2473"]
[WhiteFideId "1403613"]
[BlackFideId "1413864"]
[EventDate "2014.04.12"]

1. d4 d5 2. c4 e6 3. Nc3 c6 4. Nf3 dxc4 5. a4 Bb4 6. e3 b5 7. Bd2 a5 8. axb5
Bxc3 9. Bxc3 cxb5 10. b3 Bb7 11. bxc4 b4 12. Bb2 Nf6 13. c5 O-O 14. Bb5 Qd5 15.
O-O Rc8 16. Ba4 Nbd7 17. Bb3 Qc6 18. Ba4 Qd5 19. Bb3 Qc6 20. Ba4 1/2-1/2

[Event "ch-DEN 2014"]
[Site "Skorping DEN"]
[Date "2014.04.14"]
[Round "3.1"]
[White "Schandorff, Lars"]
[Black "Bekker-Jensen, Simon"]
[Result "1/2-1/2"]
[WhiteTitle "GM"]
[BlackTitle "IM"]
[WhiteElo "2531"]
[BlackElo "2445"]
[WhiteFideId "1400070"]
[BlackFideId "1403613"]
[EventDate "2014.04.12"]

1. d4 Nf6 2. c4 e6 3. Nf3 d5 4. Nc3 Bb4 5. Qb3 c5 6. dxc5 Nc6 7. Bg5 Qa5 8. Bxf6
dxc4 9. Qxc4 gxf6 10. Rc1 Qxc5 11. Qf4 Ke7 12. a3 Bxc3+ 13. Rxc3 Qb6 14. Qd2 Bd7
15. e3 Rac8 16. Be2 Na5 17. b4 Rxc3 18. Qxc3 Rc8 19. Qb2 Ba4 20. Bd3 Nc4 21.
Bxc4 Rxc4 22. O-O a5 23. Rb1 axb4 24. axb4 Bc2 25. Nd2 Rc6 26. Rc1 Bd3 27. Rc3
Bb5 28. h3 Qc7 29. Rxc6 Qxc6 30. Nf3 e5 31. Qb1 Qc3 32. Qe4 Bc6 33. Qb1 Qc4 34.
Qb2 h6 35. Qd2 Be4 36. Ne1 f5 37. f3 Bc6 38. Nd3 f6 39. Nb2 Qb3 40. Kf2 Bb5 41.
Kg3 Qg8+ 42. Kf2 Qb3 43. Kg3 Qg8+ 44. Kf2 Qd8 45. Qxd8+ Kxd8 46. Nd1 Ke7 47. Nc3
Bc4 48. f4 Ke6 1/2-1/2

[Event "ch-DEN 2014"]
[Site "Skorping DEN"]
[Date "2014.04.14"]
[Round "3.2"]
[White "Andersen, Mads"]
[Black "Aagaard, Jacob"]
[Result "0-1"]
[WhiteTitle "IM"]
[BlackTitle "GM"]
[WhiteElo "2473"]
[BlackElo "2520"]
[WhiteFideId "1413864"]
[BlackFideId "1401815"]
[EventDate "2014.04.12"]

1. d4 d5 2. Nf3 Nf6 3. e3 c5 4. Nbd2 cxd4 5. exd4 Nc6 6. c3 Qc7 7. Be2 Bf5 8.
Nf1 h6 9. Ng3 Bh7 10. O-O e6 11. Re1 Bd6 12. Bd3 Bxd3 13. Qxd3 O-O 14. Bd2 b5
15. b3 Rab8 16. Re2 Rfd8 17. Rae1 b4 18. Ne5 bxc3 19. Qxc3 Rdc8 20. Rc1 Rb6 21.
Qd3 Qb7 22. f4 Ba3 23. Rc3 Bb2 24. Rxc6 Rbxc6 25. Nxc6 Qxc6 26. Be3 Bc1 27. h3
Ne4 28. Nxe4 dxe4 29. Qd1 Bxe3+ 30. Rxe3 f5 31. Re2 Qd6 32. Rf2 Rc3 33. Qh5 e3
34. Rf1 Qxd4 35. Kh2 Kh7 36. Qf3 Qd2 37. Rd1 Rc1 0-1

[Event "ch-DEN 2014"]
[Site "Skorping DEN"]
[Date "2014.04.14"]
[Round "3.3"]
[White "Rasmussen, Allan Stig"]
[Black "Aabling-Thomsen, Jakob"]
[Result "1-0"]
[WhiteTitle "GM"]
[BlackTitle "FM"]
[WhiteElo "2499"]
[BlackElo "2331"]
[WhiteFideId "1406000"]
[BlackFideId "1407589"]
[EventDate "2014.04.12"]

1. e4 g6 2. d4 Bg7 3. Nc3 d6 4. Be3 a6 5. h4 h5 6. Qd2 b5 7. Nf3 Bb7 8. Ng5 Nd7
9. O-O-O e6 10. f3 Ne7 11. g3 Nb6 12. b3 d5 13. Ne2 Qd6 14. e5 Qa3+ 15. Kb1 b4
16. Qe1 Qa5 17. Bd2 Nc6 18. Nf4 Bc8 19. Nd3 Bf8 20. c3 bxc3 21. Bxc3 Qa3 22. Rc1
Qe7 23. Bb2 Bd7 24. Nc5 Nb8 25. Qa5 Ra7 26. Bd3 Qd8 27. Qd2 Bh6 28. g4 Bb5 29.
Bc2 N6d7 30. Ncxe6 Qe7 31. Nf4 Bxg5 32. hxg5 Qxg5 33. gxh5 Rxh5 34. Rxh5 gxh5
35. Qh2 Qh6 36. a4 Bc6 37. Qh4 Qf8 38. e6 Nb6 39. exf7+ Kd7 40. Bf5+ 1-0

[Event "ch-DEN 2014"]
[Site "Skorping DEN"]
[Date "2014.04.14"]
[Round "3.4"]
[White "Hansen, Sune Berg"]
[Black "Skytte, Rasmus"]
[Result "1-0"]
[WhiteTitle "GM"]
[BlackTitle "IM"]
[WhiteElo "2569"]
[BlackElo "2430"]
[WhiteFideId "1400266"]
[BlackFideId "1404210"]
[EventDate "2014.04.12"]

1. d4 Nf6 2. Bg5 Ne4 3. Bf4 c5 4. f3 Nf6 5. dxc5 e5 6. Bxe5 Bxc5 7. Bd4 Qb6 8.
Bxc5 Qxc5 9. Nc3 d5 10. e3 Nc6 11. Qd2 O-O 12. Nge2 Re8 13. O-O-O Rxe3 14. Nd4
Re8 15. Bb5 Bd7 16. Nb3 Qb6 17. Bxc6 bxc6 18. Rhe1 Be6 19. Na4 Qc7 20. g3 Nd7
21. Qc3 Nb6 22. Nac5 Bf5 23. Nd4 Bg6 24. Na6 Qd7 25. Qxc6 Qxc6 26. Nxc6 Kf8 27.
Rxe8+ Rxe8 28. b3 Rc8 29. Nab4 a5 30. Nxa5 Rc5 31. Nb7 Rc3 32. a4 1-0

[Event "ch-DEN 2014"]
[Site "Skorping DEN"]
[Date "2014.04.14"]
[Round "3.5"]
[White "Glud, Jakob Vang"]
[Black "Antonsen, Mikkel"]
[Result "1/2-1/2"]
[WhiteTitle "IM"]
[BlackTitle "IM"]
[WhiteElo "2518"]
[BlackElo "2467"]
[WhiteFideId "1407767"]
[BlackFideId "1401378"]
[EventDate "2014.04.12"]

1. c4 e6 2. Nc3 d5 3. d4 a6 4. cxd5 exd5 5. Bf4 c6 6. e3 Bd6 7. Nge2 Nf6 8. Qc2
O-O 9. Bxd6 Qxd6 10. Ng3 c5 11. dxc5 Qxc5 12. Bd3 Nc6 13. Nce2 Nb4 14. Qd2 Nxd3+
15. Qxd3 Qc4 16. Qd4 Bd7 17. O-O Rfc8 18. Rfc1 Qxd4 19. Nxd4 Kf8 20. f3 g6 21.
Kf2 Ke7 22. h4 h5 23. Nge2 Kd6 24. Rxc8 Rxc8 25. Rd1 Ng8 26. Nc3 Ne7 27. Nde2
Kc6 28. Rd2 Be6 29. Nf4 Rd8 30. Nfe2 Rd6 31. Nd4+ Kb6 32. Na4+ Ka7 33. Kg3 f6
34. Nc5 Bf7 35. Kf2 Rd8 36. g3 g5 37. f4 gxh4 38. gxh4 Ng6 39. Kg3 Rg8 40. Kh3
Re8 41. Rd3 Re7 42. Kg3 Rc7 43. Rc3 Ne7 44. f5 b6 45. Ne4 Rxc3 46. Nxc3 Kb7 47.
Kf4 Kc7 48. a3 Kd7 49. b4 Nc6 50. Nf3 Kd6 51. e4 Ne5 52. Nxe5 fxe5+ 53. Kg5 d4
54. Nb1 Ke7 55. Nd2 d3 56. Nf3 Be8 57. Nd2 Bf7 58. Nf3 Be8 59. Nd2 Bf7 60. Nf3 1/2-1/2

[Event "ch-DEN 2014"]
[Site "Skorping DEN"]
[Date "2014.04.15"]
[Round "4.1"]
[White "Skytte, Rasmus"]
[Black "Glud, Jakob Vang"]
[Result "1-0"]
[WhiteTitle "IM"]
[BlackTitle "IM"]
[WhiteElo "2430"]
[BlackElo "2518"]
[WhiteFideId "1404210"]
[BlackFideId "1407767"]
[EventDate "2014.04.12"]

1. d4 Nf6 2. c4 e6 3. Nc3 c5 4. d5 exd5 5. cxd5 d6 6. Nf3 g6 7. Bf4 a6 8. a4 Bg7
9. h3 O-O 10. e3 Qe7 11. Bd3 Nbd7 12. O-O Nh5 13. Bh2 f5 14. Re1 Rb8 15. Qb3 Kh8
16. Nd2 Be5 17. Bxe5+ Nxe5 18. Be2 Nf6 19. Bxa6 bxa6 20. Qxb8 Bb7 21. Qa7 Qc7
22. a5 Ned7 23. Nb5 axb5 24. a6 Rb8 25. axb7 Nxd5 26. e4 fxe4 27. Nxe4 Nb4 28.
Ng5 h6 29. Qxb8+ Qxb8 30. Ra8 Nc6 31. Rxb8+ Ncxb8 32. Nf7+ Kg7 33. Nxd6 1-0

[Event "ch-DEN 2014"]
[Site "Skorping DEN"]
[Date "2014.04.15"]
[Round "4.2"]
[White "Andersen, Mads"]
[Black "Schandorff, Lars"]
[Result "0-1"]
[WhiteTitle "IM"]
[BlackTitle "GM"]
[WhiteElo "2473"]
[BlackElo "2531"]
[WhiteFideId "1413864"]
[BlackFideId "1400070"]
[EventDate "2014.04.12"]

1. Nf3 d5 2. g3 c6 3. Bg2 Nf6 4. O-O Bg4 5. c4 e6 6. d3 Be7 7. b3 O-O 8. Bb2
Nbd7 9. Nbd2 h6 10. Qc2 Bd6 11. e4 dxe4 12. dxe4 e5 13. h3 Bh5 14. Nh4 Re8 15.
a3 a5 16. Bc3 Qb6 17. Kh1 Be2 18. Rfe1 Bh5 19. Rf1 Be2 20. Rfe1 Bh5 21. Nf1 Bc5
22. Ne3 Nf8 23. Nhf5 Bg6 24. Qb2 Bxf5 25. exf5 Bd4 26. b4 axb4 27. axb4 Bxc3 28.
Qxc3 Qd4 29. Qxd4 exd4 30. Rxa8 Rxa8 31. Nc2 d3 32. Ne3 N8d7 33. Rb1 Ra2 34. Kg1
Kf8 35. Kf1 Ke7 36. c5 Kd8 37. Nc4 Kc7 38. Bf3 Rc2 39. Ne3 Ne5 40. Bd1 Rc3 41.
f3 Nd5 42. Nxd5+ cxd5 43. Ra1 Nc4 44. Kf2 d4 45. Ra2 Rc1 46. Bb3 Ne3 47. g4 Rf1+
48. Kg3 Rb1 49. Bxf7 d2 50. Rxd2 Nf1+ 0-1

[Event "ch-DEN 2014"]
[Site "Skorping DEN"]
[Date "2014.04.15"]
[Round "4.3"]
[White "Bekker-Jensen, Simon"]
[Black "Rasmussen, Allan Stig"]
[Result "1/2-1/2"]
[WhiteTitle "IM"]
[BlackTitle "GM"]
[WhiteElo "2445"]
[BlackElo "2499"]
[WhiteFideId "1403613"]
[BlackFideId "1406000"]
[EventDate "2014.04.12"]

1. d4 Nf6 2. c4 e6 3. Nc3 Bb4 4. Nf3 c5 5. g3 Nc6 6. Bg2 Ne4 7. Bd2 Nxd2 8. Qxd2
cxd4 9. Nxd4 Ne5 10. b3 Qa5 11. Rc1 a6 12. O-O O-O 13. Rfd1 Rb8 14. a4 d6 15.
Qe3 Bd7 16. Ne4 Ng4 17. Qd3 Qh5 18. h3 Ne5 19. Qe3 d5 20. g4 Qh4 21. cxd5 exd5
22. Ng3 Rfe8 23. Ndf5 Bxf5 24. Nxf5 Qf6 25. Qd4 Ba3 26. Rc7 Bb2 27. Qxd5 h5 28.
Ne3 hxg4 29. hxg4 Rbd8 30. Qe4 Rxd1+ 31. Nxd1 Qd6 32. Qc2 Bd4 33. Rc8 Rd8 34.
Bxb7 Rxc8 35. Qxc8+ Kh7 36. g5 g6 37. Ne3 Nd7 38. Qe8 Kg7 39. Bg2 Ne5 40. Nf1
Bc5 41. e3 Bb6 42. Qa8 a5 43. Qd5 Qe7 44. Qe4 Qd6 45. Qd5 Qe7 46. Nd2 Qc7 47.
Bf1 Ng4 48. Qg2 Ne5 49. Qg3 Qe7 50. Ne4 Nd7 51. Qh4 Bd8 52. Bb5 Kg8 53. Bxd7
Qxd7 54. Nf6+ Bxf6 55. gxf6 Qd1+ 56. Kh2 Qd2 57. Kg3 Qd5 58. Qd4 Qg5+ 59. Kf3
Qf5+ 60. Kg2 g5 61. f3 Qc2+ 62. Kg3 Kh7 63. Qe5 Kg6 64. Qxa5 Qxb3 65. e4 Qe3 66.
Qf5+ Kh6 67. Qh3+ Kg6 68. Qf5+ Kh6 69. Qh3+ Kg6 70. Qf1 Qd4 71. Qh3 Qe3 1/2-1/2

[Event "ch-DEN 2014"]
[Site "Skorping DEN"]
[Date "2014.04.15"]
[Round "4.4"]
[White "Aagaard, Jacob"]
[Black "Antonsen, Mikkel"]
[Result "1/2-1/2"]
[WhiteTitle "GM"]
[BlackTitle "IM"]
[WhiteElo "2520"]
[BlackElo "2467"]
[WhiteFideId "1401815"]
[BlackFideId "1401378"]
[EventDate "2014.04.12"]

1. c4 e6 2. Nc3 d5 3. d4 Nf6 4. Nf3 Bb4 5. cxd5 exd5 6. Bg5 h6 7. Bh4 c5 8. e3
c4 9. Nd2 Be6 10. Be2 O-O 11. g4 Nc6 12. a3 Be7 13. Bg3 Nh7 14. O-O Na5 15. b4
cxb3 16. Nxb3 Rc8 17. Nb5 Nxb3 18. Qxb3 a6 19. Nc3 Nf6 20. f3 b5 21. Bd3 1/2-1/2

[Event "ch-DEN 2014"]
[Site "Skorping DEN"]
[Date "2014.04.15"]
[Round "4.5"]
[White "Aabling-Thomsen, Jakob"]
[Black "Hansen, Sune Berg"]
[Result "0-1"]
[WhiteTitle "FM"]
[BlackTitle "GM"]
[WhiteElo "2331"]
[BlackElo "2569"]
[WhiteFideId "1407589"]
[BlackFideId "1400266"]
[EventDate "2014.04.12"]

1. e4 c5 2. Nf3 Nc6 3. d4 cxd4 4. Nxd4 g6 5. Nc3 Bg7 6. Nf3 Nf6 7. Bc4 O-O 8.
O-O d6 9. h3 a6 10. Qe2 b5 11. Bb3 Na5 12. Rd1 Qc7 13. Bd5 Bb7 14. Bxb7 Qxb7 15.
e5 dxe5 16. Nxe5 Rac8 17. a3 Nc4 18. Nxc4 Rxc4 19. Be3 Rfc8 20. Bd4 Nh5 21. Bxg7
Nf4 22. Qf1 Kxg7 23. g3 Ne6 24. Qg2 Qa7 25. Rd2 h5 26. h4 Nd4 27. Re1 R8c5 28.
Kh1 Nf5 29. Re4 Nd6 30. Ree2 Nf5 31. Ne4 Rc7 32. c3 Rd7 33. Ng5 Qc7 34. Qf3 Qd8
35. Rxd7 Qxd7 36. Re1 Qc6 37. Qxc6 Rxc6 38. Rd1 Nd6 39. Re1 Kf8 40. Nf3 Nc4 41.
Re2 Rd6 42. Nd4 e5 43. Nb3 Rd5 44. Kg2 a5 45. Rc2 a4 46. Nc1 Rd1 47. Kf3 Re1 48.
Kg2 f5 49. Nd3 Rb1 50. Re2 e4 51. Nf4 Rxb2 52. Nxg6+ Kf7 53. Ne5+ Kf6 54. Rxb2
Nxb2 55. Nc6 Nc4 56. f3 Nxa3 57. Nb4 Nb1 58. Na2 Ke5 59. Kf2 exf3 60. Kxf3 a3
61. Ke3 Nxc3 62. Nxc3 b4 63. Na2 b3 64. Nc1 b2 0-1

[Event "ch-DEN 2014"]
[Site "Skorping DEN"]
[Date "2014.04.16"]
[Round "5.1"]
[White "Schandorff, Lars"]
[Black "Aagaard, Jacob"]
[Result "0-1"]
[WhiteTitle "GM"]
[BlackTitle "GM"]
[WhiteElo "2531"]
[BlackElo "2520"]
[WhiteFideId "1400070"]
[BlackFideId "1401815"]
[EventDate "2014.04.12"]

1. d4 d5 2. c4 e6 3. Nc3 Nf6 4. cxd5 exd5 5. Bg5 c6 6. e3 Qb6 7. Qc2 Ne4 8. Bf4
Na6 9. f3 Nd6 10. a3 Bf5 11. Qd2 Be7 12. b4 Qd8 13. Na4 Nc7 14. Kf2 O-O 15. g3
Ncb5 16. Nc5 b6 17. Bxd6 Nxd6 18. Nb3 Re8 19. h4 g5 20. hxg5 Bxg5 21. Re1 a5 22.
Nh3 axb4 23. axb4 Ra3 24. Nxg5 Rxb3 25. Nh3 Qf6 26. Nf4 b5 27. g4 Bg6 28. Kg1
Nc4 29. Bxc4 bxc4 30. Nxg6 Qxg6 31. Qh2 Rxb4 0-1

[Event "ch-DEN 2014"]
[Site "Skorping DEN"]
[Date "2014.04.16"]
[Round "5.2"]
[White "Hansen, Sune Berg"]
[Black "Bekker-Jensen, Simon"]
[Result "1-0"]
[WhiteTitle "GM"]
[BlackTitle "IM"]
[WhiteElo "2569"]
[BlackElo "2445"]
[WhiteFideId "1400266"]
[BlackFideId "1403613"]
[EventDate "2014.04.12"]

1. d4 Nf6 2. Nf3 g6 3. g3 Bg7 4. Bg2 d6 5. O-O O-O 6. a4 Nbd7 7. a5 c6 8. Nbd2
Qc7 9. Nc4 Rb8 10. Ne1 c5 11. d5 b5 12. axb6 axb6 13. Nd3 Bb7 14. e4 b5 15. Ne3
c4 16. Nb4 Nc5 17. f3 Ra8 18. Rb1 e5 19. b3 cxb3 20. cxb3 Nfd7 21. Kh1 Na6 22.
Nc6 Bxc6 23. dxc6 Qxc6 24. Nd5 Kh8 25. Be3 Ndc5 26. f4 Rab8 27. f5 f6 28. fxg6
hxg6 29. Qg4 Qe8 30. Qh4+ Kg8 31. Nxf6+ Bxf6 32. Rxf6 Rxf6 33. Qxf6 Qe6 34. Qh4
Rf8 35. Qh6 Nd3 36. Bh3 Qe8 37. Ra1 Nc7 38. Rd1 Nc5 39. Bxc5 dxc5 40. Rd7 Rf1+
41. Kg2 Rf7 42. Qxg6+ Kf8 43. Qd6+ 1-0

[Event "ch-DEN 2014"]
[Site "Skorping DEN"]
[Date "2014.04.16"]
[Round "5.3"]
[White "Rasmussen, Allan Stig"]
[Black "Andersen, Mads"]
[Result "1/2-1/2"]
[WhiteTitle "GM"]
[BlackTitle "IM"]
[WhiteElo "2499"]
[BlackElo "2473"]
[WhiteFideId "1406000"]
[BlackFideId "1413864"]
[EventDate "2014.04.12"]

1. c4 c5 2. Nf3 Nc6 3. d4 cxd4 4. Nxd4 Nf6 5. Nc3 e6 6. a3 Bc5 7. Nb3 Be7 8. e4
O-O 9. Be2 b6 10. O-O Bb7 11. Be3 Rc8 12. f4 d6 13. Bf3 Nd7 14. Rc1 Nc5 15. Na1
Na5 16. Qe2 Ba6 17. Nb5 Qd7 18. Nd4 Bf6 19. Rfd1 Bxd4 20. Bxd4 Ncb3 21. Nxb3
Nxb3 22. Rc3 Qa4 23. Qc2 Bxc4 24. Bf2 Rfd8 25. Bh4 Rd7 26. Rc1 Rdc7 27. Rd1 Rd7
28. Rc1 Rdc7 29. Rd1 1/2-1/2